Elecciones, partidos políticos, espacio local y participación ciudadana en Nicaragua /
محفوظ في:
| المؤلف الرئيسي: | |
|---|---|
| التنسيق: | نص |
| الموضوعات: | |
| الوسوم: |
إضافة وسم
لا توجد وسوم, كن أول من يضع وسما على هذه التسجيلة!
|
MARC
| LEADER | 00000 a a2200000 04500 | ||
|---|---|---|---|
| 001 | 15686 | ||
| 003 | |||
| 040 | |||
| 100 | |a Ortega Hegg, Manuel | ||
| 245 | |a Elecciones, partidos políticos, espacio local y participación ciudadana en Nicaragua / |c Manuel Ortega Hegg | ||
| 650 | |a PLANO LOCAL | ||
| 650 | |a GOBIERNO LOCAL | ||
| 650 | |a DESCENTRALIZACION | ||
| 650 | |a PARTICIPACION POLITICA | ||
| 650 | |a PARTICIPACION SOCIAL | ||
| 650 | |a PARTIDOS POLITICOS | ||
| 650 | |a COMUNIDADES | ||
| 773 | |g número 8; páginas 58-70 | ||
| 999 | |c 37030 |d 37030 | ||
